Best SuperLig Transfers 2019-2020 - Statistics

General Stats
  • This quiz has been taken 34 times
  • The average score is 8 of 18
Answer Stats
From To Fee Player % Correct
Monaco Galatasaray ? Falcao
74%
Fulham Galatasaray LOAN+1,5M Jean Michael Seri
70%
Liverpool Trabzonspor FREE Daniel Sturridge
63%
Spurs Besiktas 4M Georges-Kevin Nkoudou
63%
Arsenal Besiktas LOAN Mohamed Elneny
63%
Torino Besiktas 6,5M Adem Ljajic
56%
Celta Galatasaray LOAN+600k Emre Mor
48%
Werder Bremen Fenerbahce FREE Max Kruse
44%
Besiktas Kasimpasa FREE Ricardo Quaresma
44%
Roma Galatasaray LOAN Steven Nzonzi
44%
Marseille Fenerbahce FREE Adil Rami
33%
Fulham Galatasaray FREE Ryan Babel
33%
Villarreal Besiktas 2,5M Victor Ruiz
33%
Al Ittihad Fenerbahce LOAN Garry Rodrigues
26%
PSV Basaksehir 1M Aziz Behich
22%
Basaksehir Fenerbahce FREE Emre Belozoglu
22%
Huddersfield Fenerbahce 2M Mathias Jorgensen
22%
Basaksehir Kayserispor FREE Emmanuel Adebayor
19%
No matching quizzes found
Score Distribution
Percent of People with Each Score
Percentile by Number Answered
Your Score History
You have not taken this quiz